[Event "NB2 Erkel csoport"]
[Site "Budapest"]
[Date "2024.11.17"]
[Round "2.8"]
[White "Metaxasz, Vaszilisz"]
[Black "Csalami, Gabor"]
[Result "1-0"]
[WhiteElo "1924"]
[BlackElo "1955"]
[PlyCount "105"]
[EventDate "2024.11.03"]
[EventType "team-tourn"]
[EventRounds "11"]
[EventCountry "HUN"]
[Source "chess.hu"]
[SourceDate "2024.11.17"]
[WhiteTeam "Sport Muhely SE"]
[BlackTeam "TFSE"]
[WhiteTeamCountry "HUN"]
[BlackTeamCountry "HUN"]

1. c4 Nf6 2. Nc3 g6 3. g3 Bg7 4. Bg2 O-O 5. e4 d6 6. Nge2 Nc6 7. O-O e5 8. d3
a6 9. h3 Bd7 10. Nd5 Nxd5 11. cxd5 Ne7 12. Be3 c5 13. dxc6 bxc6 14. d4 Qc7 15.
Qd2 Rfb8 16. Rac1 Qb7 17. b3 a5 18. dxe5 dxe5 19. Bc5 Be8 20. Rfd1 a4 21. b4
Nc8 22. a3 Bf8 23. Qg5 Qc7 24. Bxf8 Kxf8 25. Rd5 Na7 26. Rxe5 Qd8 27. Qh6+ Kg8
28. Nc3 Nb5 29. Nxb5 Rxb5 30. Rxb5 cxb5 31. Qe3 Rc8 32. Rxc8 Qxc8 33. e5 Qe6
34. Qc5 Kg7 35. h4 h5 36. Bf1 Qd7 37. Qb6 Qd5 38. Qf6+ Kg8 39. Bg2 Qd4 40. Qe7
Bd7 41. Qd8+ Kg7 42. Kh2 Qd3 43. Bh3 Bf5 44. Qxd3 Bxd3 45. Kg2 f6 46. exf6+
Kxf6 47. Kf3 Ke5 48. Ke3 Bc4 49. Bd7 Bf1 50. Be8 Kf5 51. Kd4 g5 52. Bxh5 gxh4
53. gxh4 1-0

[Event "NB2 Erkel csoport"]
[Site "Budapest"]
[Date "2024.11.17"]
[Round "2.9"]
[White "Tagai, Marton"]
[Black "Kunszt, Kazmer"]
[Result "0-1"]
[WhiteElo "1804"]
[BlackElo "1898"]
[PlyCount "78"]
[EventDate "2024.11.03"]
[EventType "team-tourn"]
[EventRounds "11"]
[EventCountry "HUN"]
[Source "chess.hu"]
[SourceDate "2024.11.17"]
[WhiteTeam "TFSE"]
[BlackTeam "Sport Muhely SE"]
[WhiteTeamCountry "HUN"]
[BlackTeamCountry "HUN"]

1. e4 c5 2. c3 g6 3. d4 cxd4 4. cxd4 Bg7 5. Nc3 d6 6. Bd3 a6 7. Be3 Nf6 8. f3
h5 9. Nge2 Nc6 10. a3 b5 11. b4 Bb7 12. Rc1 Rc8 13. Qd2 e6 14. Bg5 Qb6 15. Qf4
Nh7 16. Bh6 Bxd4 17. Nxd4 Qxd4 18. Bxb5 axb5 19. Nxb5 e5 20. Nxd4 exf4 21. Nxc6
Rxc6 22. Rxc6 Bxc6 23. Bxf4 Ke7 24. Kf2 g5 25. Bc1 Rc8 26. h4 g4 27. Bf4 Ba4
28. Re1 Rc2+ 29. Kg3 gxf3 30. gxf3 Ke6 31. Re3 Bb5 32. e5 d5 33. a4 Bf1 34. Bh6
Kf5 35. f4 d4 36. Re1 Be2 37. Rb1 d3 38. Kf2 Bg4+ 39. Ke3 d2 0-1

[Event "NB2 Erkel csoport"]
[Site "Budapest"]
[Date "2024.11.17"]
[Round "2.10"]
[White "Wirth, Adam"]
[Black "Lajtos, Levente"]
[Result "0-1"]
[WhiteElo "1964"]
[BlackElo "1898"]
[PlyCount "88"]
[EventDate "2024.11.03"]
[EventType "team-tourn"]
[EventRounds "11"]
[EventCountry "HUN"]
[Source "chess.hu"]
[SourceDate "2024.11.17"]
[WhiteTeam "Sport Muhely SE"]
[BlackTeam "TFSE"]
[WhiteTeamCountry "HUN"]
[BlackTeamCountry "HUN"]

1. e4 c5 2. Nf3 e6 3. c4 Nc6 4. Nc3 a6 5. Be2 Nge7 6. d4 cxd4 7. Nxd4 g6 8. Bg5
Bg7 9. Nxc6 bxc6 10. Qd6 f6 11. Be3 Bf8 12. Qd2 Qc7 13. O-O c5 14. f4 Bb7 15.
Bf3 Bh6 16. Rad1 Rd8 17. f5 Bxe3+ 18. Qxe3 Kf7 19. fxe6+ dxe6 20. Bg4 Qe5 21.
Qh6 Rxd1 22. Rxd1 Bxe4 23. Qe3 Bf5 24. Qf3 Bxg4 25. Qxg4 Rd8 26. Rf1 Qe3+ 27.
Kh1 Rd4 28. Nd1 Qd3 29. Qf3 Qxf3 30. gxf3 Rxc4 31. Ne3 Rf4 32. Kg2 Nd5 33. Re1
Nxe3+ 34. Rxe3 Ra4 35. a3 Rc4 36. Rb3 Ke7 37. Kg3 Rc2 38. Rb6 h5 39. h4 g5 40.
hxg5 fxg5 41. f4 h4+ 42. Kh3 gxf4 43. Kxh4 Rg2 44. Kh3 Rg5 0-1

[Event "NB2 Erkel csoport"]
[Site "Budapest"]
[Date "2024.11.17"]
[Round "2.11"]
[White "Wang, Luomeng"]
[Black "Rakosi, Ferenc Dr"]
[Result "1-0"]
[WhiteElo "1858"]
[BlackElo "1922"]
[PlyCount "103"]
[EventDate "2024.11.03"]
[EventType "team-tourn"]
[EventRounds "11"]
[EventCountry "HUN"]
[Source "chess.hu"]
[SourceDate "2024.11.17"]
[WhiteTeam "TFSE"]
[BlackTeam "Sport Muhely SE"]
[WhiteTeamCountry "HUN"]
[BlackTeamCountry "HUN"]

1. d4 d5 2. c4 c6 3. Nf3 e6 4. g3 f5 5. Bg2 Nf6 6. O-O Bd6 7. b3 Qe7 8. a4 a5
9. Ba3 Nbd7 10. Bxd6 Qxd6 11. Na3 O-O 12. Nc2 Ne4 13. Nce1 c5 14. dxc5 Ndxc5
15. Nd3 Rd8 16. cxd5 exd5 17. Nxc5 Nxc5 18. Nd4 Bd7 19. Rc1 Rac8 20. Qd2 b6 21.
Rfd1 Ne4 22. Bxe4 dxe4 23. Qb2 Rxc1 24. Rxc1 Rc8 25. e3 Rc5 26. Kg2 Qc7 27.
Rxc5 Qxc5 28. Qe2 g6 29. Qa6 Qc7 30. Qa8+ Kg7 31. Qd5 Kf8 32. h4 h5 33. Ne2 Be8
34. Qd4 Qc6 35. Qh8+ Ke7 36. Qg7+ Bf7 37. Nd4 Qd6 38. Qh8 Be8 39. Qg8 Bf7 40.
Qa8 Kf6 41. Qb7 Qc5 42. Qd7 Qb4 43. Qd8+ Kg7 44. Qc7 Kf6 45. Nc6 Qc5 46. Qd8+
Kg7 47. Nd4 Qb4 48. Qd7 Kf6 49. Nc6 Qxb3 50. Qd4+ Ke6 51. Qd8 Qa2 52. Qe7+ 1-0

[Event "NB2 Erkel csoport"]
[Site "Budapest"]
[Date "2024.11.17"]
[Round "2.12"]
[White "Cseke, Viktoria"]
[Black "Morovan-Szabo, Lorinc"]
[Result "0-1"]
[WhiteElo "1776"]
[BlackElo "1818"]
[PlyCount "48"]
[EventDate "2024.11.03"]
[EventType "team-tourn"]
[EventRounds "11"]
[EventCountry "HUN"]
[Source "chess.hu"]
[SourceDate "2024.11.17"]
[WhiteTeam "Sport Muhely SE"]
[BlackTeam "TFSE"]
[WhiteTeamCountry "HUN"]
[BlackTeamCountry "HUN"]

1. Nf3 Nf6 2. d3 Nc6 3. g3 g6 4. Bg2 Bg7 5. O-O O-O 6. Nbd2 d5 7. e4 dxe4 8.
dxe4 Bg4 9. h3 Bxf3 10. Bxf3 Qd7 11. Bg2 Rfd8 12. Re1 Ne5 13. Qe2 c5 14. Kh2
Rac8 15. f4 Nc6 16. c3 e5 17. Qf2 exf4 18. gxf4 Nh5 19. a4 Nxf4 20. Bf1 Be5 21.
Nc4 Nd3+ 22. Nxe5 Ncxe5 23. Qf6 Rc6 24. Qg5 Nf3+ 0-1

[Event "NB2 Erkel csoport"]
[Site "Budapest"]
[Date "2024.11.17"]
[Round "2.1"]
[White "Blasko, Istvan"]
[Black "Prorok, Marton"]
[Result "0-1"]
[WhiteElo "2259"]
[BlackElo "2337"]
[PlyCount "62"]
[EventDate "2024.11.03"]
[EventType "team-tourn"]
[EventRounds "11"]
[EventCountry "HUN"]
[Source "chess.hu"]
[SourceDate "2024.11.17"]
[WhiteTeam "Kekesi SE II"]
[BlackTeam "EUTender-Sinus-SDSE"]
[WhiteTeamCountry "HUN"]
[BlackTeamCountry "HUN"]

1. d4 Nf6 2. c4 g6 3. Nc3 Bg7 4. e4 d6 5. Nf3 O-O 6. Be2 c5 7. d5 a6 8. a4 a5
9. h3 Na6 10. O-O Nb4 11. Bg5 Qc7 12. Qd2 Bd7 13. Nh2 Rae8 14. Ng4 Nxg4 15.
hxg4 Qc8 16. f3 e6 17. g3 exd5 18. cxd5 f5 19. gxf5 gxf5 20. exf5 Rxf5 21. Ne4
Qc7 22. g4 Rf7 23. Nc3 c4 24. Rac1 Qc5+ 25. Kh1 h6 26. Bh4 Bxc3 27. Rxc3 Qxd5
28. Qe1 Nd3 29. Qd1 Bxa4 30. b3 Bxb3 31. Rxb3 Rxe2 0-1

[Event "NB2 Erkel csoport"]
[Site "Budapest"]
[Date "2024.11.17"]
[Round "2.2"]
[White "Miszler, Levente"]
[Black "Radnai, Adam"]
[Result "1/2-1/2"]
[WhiteElo "2257"]
[BlackElo "2252"]
[PlyCount "65"]
[EventDate "2024.11.03"]
[EventType "team-tourn"]
[EventRounds "11"]
[EventCountry "HUN"]
[Source "chess.hu"]
[SourceDate "2024.11.17"]
[WhiteTeam "EUTender-Sinus-SDSE"]
[BlackTeam "Kekesi SE II"]
[WhiteTeamCountry "HUN"]
[BlackTeamCountry "HUN"]

1. d4 Nf6 2. c4 g6 3. Nc3 Bg7 4. e4 d6 5. h3 O-O 6. Be3 c5 7. Nf3 cxd4 8. Nxd4
Nc6 9. Be2 Bd7 10. O-O Nxd4 11. Bxd4 Bc6 12. Qc2 a6 13. Rad1 Nd7 14. Bxg7 Kxg7
15. Bg4 b5 16. Bxd7 Qxd7 17. c5 Rac8 18. Qd2 Rfd8 19. cxd6 Qxd6 20. Qxd6 exd6
21. Rd4 Kf6 22. Rfd1 Ke6 23. f3 f6 24. Kf2 Rd7 25. Ke3 h5 26. Ne2 g5 27. Ng3 h4
28. Nf5 d5 29. R4d2 Ke5 30. Nd4 Bb7 31. Ne2 Rcd8 32. Rd4 Rd6 33. Rc1 1/2-1/2

[Event "NB2 Erkel csoport"]
[Site "Budapest"]
[Date "2024.11.17"]
[Round "2.3"]
[White "Egyed, Andras"]
[Black "Nemeth, Zalan"]
[Result "0-1"]
[WhiteElo "2198"]
[BlackElo "2268"]
[PlyCount "117"]
[EventDate "2024.11.03"]
[EventType "team-tourn"]
[EventRounds "11"]
[EventCountry "HUN"]
[Source "chess.hu"]
[SourceDate "2024.11.17"]
[WhiteTeam "Kekesi SE II"]
[BlackTeam "EUTender-Sinus-SDSE"]
[WhiteTeamCountry "HUN"]
[BlackTeamCountry "HUN"]

1. d4 d5 2. Nf3 Nf6 3. c4 e6 4. Nc3 dxc4 5. e3 a6 6. a4 c5 7. Bxc4 Nc6 8. O-O
Be7 9. Qe2 O-O 10. Rd1 Qc7 11. dxc5 Bxc5 12. Bd2 b6 13. Rac1 Bb7 14. h3 Ne5 15.
Nxe5 Qxe5 16. Be1 Qg5 17. Qf1 Rfc8 18. Be2 Rc7 19. Rd3 e5 20. Rcd1 Rcc8 21. Kh2
h5 22. f4 exf4 23. exf4 Qf5 24. Bh4 Be7 25. Bxf6 Bxf6 26. Nd5 Bxd5 27. Rxd5 Qe4
28. Qf3 Qxa4 29. Rxh5 Bxb2 30. Rhd5 Qe8 31. Bd3 Rd8 32. Rxd8 Rxd8 33. Bxa6 Bd4
34. Bc4 Rd6 35. Qb3 Qe7 36. g3 g6 37. Kg2 Kg7 38. Qd3 Qd7 39. Qc2 Qc6+ 40. Kh2
Qc5 41. Qa2 Rd7 42. h4 b5 43. Be2 Ra7 44. Qb3 Bf2 45. Bxb5 Ra3 46. Qb2+ Kh7 47.
Rd3 Rxd3 48. Bxd3 Qe3 49. Bxg6+ Kxg6 50. f5+ Kxf5 51. Qb8 Kf6 52. Kg2 Be1 53.
Qc7 Qe2+ 54. Kh3 Kg7 55. Qf4 Bd2 56. Qd6 Qe6+ 57. Qxe6 fxe6 58. Kg4 Kf6 59. Kf3
0-1

[Event "NB2 Erkel csoport"]
[Site "Budapest"]
[Date "2024.11.17"]
[Round "2.4"]
[White "Szieberth, Adam"]
[Black "Mede, Istvan"]
[Result "1/2-1/2"]
[WhiteElo "2253"]
[BlackElo "2141"]
[PlyCount "93"]
[EventDate "2024.11.03"]
[EventType "team-tourn"]
[EventRounds "11"]
[EventCountry "HUN"]
[Source "chess.hu"]
[SourceDate "2024.11.17"]
[WhiteTeam "EUTender-Sinus-SDSE"]
[BlackTeam "Kekesi SE II"]
[WhiteTeamCountry "HUN"]
[BlackTeamCountry "HUN"]

1. e4 c6 2. d4 d5 3. e5 c5 4. dxc5 e6 5. Be3 Nd7 6. Bb5 Ne7 7. Nf3 Nc6 8. c4
Bxc5 9. cxd5 exd5 10. Qxd5 Bxe3 11. fxe3 Qb6 12. Nd4 O-O 13. Bxc6 bxc6 14. Qb3
Qa6 15. e6 Nc5 16. Qa3 Qxa3 17. Nxa3 fxe6 18. Nc4 Ba6 19. Ne5 Rf6 20. Rc1 Nd3+
21. Nxd3 Bxd3 22. Rxc6 e5 23. Rxf6 gxf6 24. Kd2 Be4 25. Nf3 Rd8+ 26. Ke2 Bd3+
27. Kf2 Rb8 28. b3 a5 29. Rd1 Bf5 30. Rd6 Kf7 31. Ra6 Rb5 32. Nd2 Bd3 33. Rd6
e4 34. g4 Rc5 35. Kg3 Rc2 36. Nf3 exf3 37. Rxd3 Rxa2 38. Rd7+ Kg6 39. h4 f2 40.
Kg2 h5 41. gxh5+ Kxh5 42. Rd4 Re2 43. Re4 f5 44. Rf4 Rxe3 45. Rxf5+ Kxh4 46.
Kxf2 Rxb3 47. Rxa5 1/2-1/2

[Event "NB2 Erkel csoport"]
[Site "Budapest"]
[Date "2024.11.17"]
[Round "2.5"]
[White "Gorcsi, Gabor"]
[Black "Lehmann, Zoltan"]
[Result "1/2-1/2"]
[WhiteElo "2184"]
[BlackElo "2270"]
[PlyCount "22"]
[EventDate "2024.11.03"]
[EventType "team-tourn"]
[EventRounds "11"]
[EventCountry "HUN"]
[Source "chess.hu"]
[SourceDate "2024.11.17"]
[WhiteTeam "Kekesi SE II"]
[BlackTeam "EUTender-Sinus-SDSE"]
[WhiteTeamCountry "HUN"]
[BlackTeamCountry "HUN"]

1. d4 d5 2. c4 dxc4 3. Nf3 Nf6 4. e3 e6 5. Bxc4 a6 6. a4 c5 7. O-O Nc6 8. Nc3
Be7 9. dxc5 Qxd1 10. Rxd1 Bxc5 11. h3 b6 1/2-1/2

[Event "NB2 Erkel csoport"]
[Site "Budapest"]
[Date "2024.11.17"]
[Round "2.6"]
[White "Gara-Tarnoczi, Peter"]
[Black "Toth, Daniel"]
[Result "1/2-1/2"]
[WhiteElo "2181"]
[BlackElo "2123"]
[PlyCount "31"]
[EventDate "2024.11.03"]
[EventType "team-tourn"]
[EventRounds "11"]
[EventCountry "HUN"]
[Source "chess.hu"]
[SourceDate "2024.11.17"]
[WhiteTeam "EUTender-Sinus-SDSE"]
[BlackTeam "Kekesi SE II"]
[WhiteTeamCountry "HUN"]
[BlackTeamCountry "HUN"]

1. e4 c6 2. d4 d5 3. e5 Bf5 4. h4 h6 5. g4 Be4 6. f3 Bh7 7. e6 fxe6 8. Bd3 Bxd3
9. Qxd3 Qd6 10. f4 Nd7 11. Nf3 O-O-O 12. Ne5 Nxe5 13. fxe5 Qc7 14. b4 Nf6 15.
exf6 exf6 16. O-O 1/2-1/2

[Event "NB2 Erkel csoport"]
[Site "Budapest"]
[Date "2024.11.17"]
[Round "2.7"]
[White "Onodi, Tamas"]
[Black "Vasyliv, Stanislav"]
[Result "1-0"]
[WhiteElo "2013"]
[BlackElo "2158"]
[PlyCount "51"]
[EventDate "2024.11.03"]
[EventType "team-tourn"]
[EventRounds "11"]
[EventCountry "HUN"]
[Source "chess.hu"]
[SourceDate "2024.11.17"]
[WhiteTeam "Kekesi SE II"]
[BlackTeam "EUTender-Sinus-SDSE"]
[WhiteTeamCountry "HUN"]
[BlackTeamCountry "HUN"]

1. e4 c5 2. c3 d5 3. exd5 Qxd5 4. Nf3 Nf6 5. d4 e6 6. Na3 cxd4 7. Nb5 Qd8 8.
Nbxd4 Be7 9. Bd3 O-O 10. O-O b6 11. Qe2 Bb7 12. Bf4 Nbd7 13. Rad1 Nc5 14. Bc2
Nd5 15. Bg3 Bf6 16. Bb1 Qe7 17. Rfe1 g6 18. c4 Ba6 19. Qc2 Nb4 20. Qd2 Nd7 21.
a3 Bxc4 22. axb4 Bd5 23. Nb5 Rfc8 24. Nc7 Rxc7 25. Bxc7 Rc8 26. Bg3 1-0

[Event "NB2 Erkel csoport"]
[Site "Budapest"]
[Date "2024.11.17"]
[Round "2.8"]
[White "Nadasi, Balazs"]
[Black "Harmatosi, Jozsef"]
[Result "1/2-1/2"]
[WhiteElo "2116"]
[BlackElo "2053"]
[PlyCount "45"]
[EventDate "2024.11.03"]
[EventType "team-tourn"]
[EventRounds "11"]
[EventCountry "HUN"]
[Source "chess.hu"]
[SourceDate "2024.11.17"]
[WhiteTeam "EUTender-Sinus-SDSE"]
[BlackTeam "Kekesi SE II"]
[WhiteTeamCountry "HUN"]
[BlackTeamCountry "HUN"]

1. e4 Nc6 2. d4 d5 3. e5 Bf5 4. c3 e6 5. Nf3 Nge7 6. Be2 Bg6 7. Bg5 h6 8. Bf4
Nf5 9. h3 Be7 10. a4 O-O 11. Na3 Nb8 12. Nc2 c5 13. dxc5 Bxc5 14. b4 Be7 15.
O-O a5 16. b5 Nd7 17. Ncd4 Rc8 18. Nxf5 Bxf5 19. Nd4 Bg6 20. Qd2 Nc5 21. Rfc1
Ne4 22. Qb2 Bc5 23. Be3 1/2-1/2

[Event "NB2 Erkel csoport"]
[Site "Budapest"]
[Date "2024.11.17"]
[Round "2.9"]
[White "Mozes, Ervin"]
[Black "Palla, Akos Botond"]
[Result "1/2-1/2"]
[WhiteElo "2012"]
[BlackElo "1993"]
[PlyCount "41"]
[EventDate "2024.11.03"]
[EventType "team-tourn"]
[EventRounds "11"]
[EventCountry "HUN"]
[Source "chess.hu"]
[SourceDate "2024.11.17"]
[WhiteTeam "Kekesi SE II"]
[BlackTeam "EUTender-Sinus-SDSE"]
[WhiteTeamCountry "HUN"]
[BlackTeamCountry "HUN"]

1. e4 c5 2. g3 Nc6 3. Bg2 g6 4. Ne2 Bg7 5. c3 c4 6. d3 cxd3 7. Nf4 Nf6 8. Qxd3
d6 9. Nd2 O-O 10. Nc4 b5 11. Ne3 Rb8 12. O-O Nd7 13. Rd1 b4 14. cxb4 Nxb4 15.
Qa3 a5 16. Bd2 Ba6 17. Bc3 Bxc3 18. Qxc3 Ne5 19. a3 Rc8 20. Qd2 Nbd3 21. Nxd3
1/2-1/2

[Event "NB2 Erkel csoport"]
[Site "Budapest"]
[Date "2024.11.17"]
[Round "2.10"]
[White "Kertesz, Aron Borsa"]
[Black "Domany, Mihaly"]
[Result "1-0"]
[WhiteElo "1916"]
[BlackElo "2040"]
[PlyCount "81"]
[EventDate "2024.11.03"]
[EventType "team-tourn"]
[EventRounds "11"]
[EventCountry "HUN"]
[Source "chess.hu"]
[SourceDate "2024.11.17"]
[WhiteTeam "EUTender-Sinus-SDSE"]
[BlackTeam "Kekesi SE II"]
[WhiteTeamCountry "HUN"]
[BlackTeamCountry "HUN"]

1. e4 e5 2. Nf3 Nc6 3. Nc3 Nf6 4. Bb5 Nd4 5. O-O Nxb5 6. Nxb5 c6 7. Nc3 d6 8.
h3 Be7 9. d3 h6 10. Ne2 Qc7 11. Ng3 Be6 12. Re1 g5 13. d4 O-O-O 14. c4 c5 15.
d5 Bd7 16. b4 g4 17. Nh4 Nxd5 18. cxd5 Bxh4 19. hxg4 Bxg3 20. fxg3 cxb4 21. Be3
Qa5 22. a3 b3 23. Qxb3 Ba4 24. Qb2 Kb8 25. Rab1 Qa6 26. Qf2 Rc8 27. Rec1 Bd7
28. Qxf7 Bxg4 29. Qg7 h5 30. Rf1 Rhg8 31. Qe7 Rge8 32. Qf7 Red8 33. Rb3 Rd7 34.
Qf2 Rdc7 35. Rfb1 Ka8 36. R1b2 Kb8 37. Kh2 Ka8 38. Qd2 Kb8 39. Rb5 Rc2 40. Rxc2
Qxb5 41. Bxa7+ 1-0

[Event "NB2 Erkel csoport"]
[Site "Budapest"]
[Date "2024.11.17"]
[Round "2.11"]
[White "Foldi, Martin"]
[Black "Szabo, A. Martin"]
[Result "1-0"]
[WhiteElo "2070"]
[BlackElo "1955"]
[PlyCount "75"]
[EventDate "2024.11.03"]
[EventType "team-tourn"]
[EventRounds "11"]
[EventCountry "HUN"]
[Source "chess.hu"]
[SourceDate "2024.11.17"]
[WhiteTeam "Kekesi SE II"]
[BlackTeam "EUTender-Sinus-SDSE"]
[WhiteTeamCountry "HUN"]
[BlackTeamCountry "HUN"]

1. e4 c5 2. Nf3 e6 3. d4 cxd4 4. Nxd4 Nc6 5. Nc3 Qc7 6. Qd3 a6 7. Nxc6 bxc6 8.
Qg3 Qxg3 9. hxg3 d5 10. Na4 Bb7 11. Bf4 Rd8 12. Nb6 Bd6 13. Bxd6 Rxd6 14. e5
Rd8 15. b4 Ne7 16. Na4 Ra8 17. Nc5 Bc8 18. a4 Ng6 19. f4 f6 20. Bd3 Kf7 21. Rh5
f5 22. Kd2 Nf8 23. Kc3 Nd7 24. Nb3 Ra7 25. a5 Rc7 26. Nc5 h6 27. Kd4 Nxc5 28.
Kxc5 Ke7 29. Rah1 Bb7 30. R5h4 Rcc8 31. g4 Rhf8 32. gxf5 exf5 33. g4 Rb8 34.
gxf5 Bc8 35. Rg4 Bxf5 36. Rxg7+ Ke8 37. Bxa6 Bxc2 38. Rxh6 1-0

[Event "NB2 Erkel csoport"]
[Site "Budapest"]
[Date "2024.11.17"]
[Round "2.12"]
[White "Sass, Oscar"]
[Black "Kovacs, Veronika"]
[Result "1-0"]
[WhiteElo "1875"]
[BlackElo "1836"]
[PlyCount "53"]
[EventDate "2024.11.03"]
[EventType "team-tourn"]
[EventRounds "11"]
[EventCountry "HUN"]
[Source "chess.hu"]
[SourceDate "2024.11.17"]
[WhiteTeam "EUTender-Sinus-SDSE"]
[BlackTeam "Kekesi SE II"]
[WhiteTeamCountry "HUN"]
[BlackTeamCountry "HUN"]

1. d4 d5 2. Nf3 Nf6 3. g3 c6 4. Bg2 Bf5 5. O-O e6 6. c4 Bd6 7. Nc3 O-O 8. Nh4
Bg6 9. Nxg6 hxg6 10. Qb3 Qc7 11. Bg5 dxc4 12. Qxc4 Nbd7 13. Rac1 Rac8 14. e4 e5
15. dxe5 Nxe5 16. Qe2 Nfd7 17. Rfd1 Qb8 18. Qd2 Bc7 19. f4 Bb6+ 20. Kf1 Ng4 21.
Qxd7 Ne3+ 22. Ke2 Nxg2 23. Na4 Ne3 24. Nxb6 Nxd1 25. Nxc8 Qxc8 26. Rxd1 Qxd7
27. Rxd7 1-0

[Event "NB2 Erkel csoport"]
[Site "Fot"]
[Date "2024.11.17"]
[Round "2.1"]
[White "Berczes, Csaba"]
[Black "Sofrygin, Alexey"]
[Result "1-0"]
[WhiteElo "2282"]
[BlackElo "2202"]
[PlyCount "93"]
[EventDate "2024.11.03"]
[EventType "team-tourn"]
[EventRounds "11"]
[EventCountry "HUN"]
[Source "chess.hu"]
[SourceDate "2024.11.17"]
[WhiteTeam "Dunaharaszti MTK II."]
[BlackTeam "Fot SE-LearningChess"]
[WhiteTeamCountry "HUN"]
[BlackTeamCountry "HUN"]

1. Nf3 c5 2. g3 b6 3. Bg2 Bb7 4. O-O Nf6 5. c4 e6 6. Nc3 Be7 7. d4 cxd4 8. Qxd4
d6 9. b3 O-O 10. Rd1 Qc8 11. Ba3 Rd8 12. Rac1 Nbd7 13. Bxd6 Nc5 14. Qe5 Bxd6
15. Rxd6 Nce4 16. Nxe4 Nxe4 17. Rd4 Rxd4 18. Nxd4 Qc5 19. Qxc5 bxc5 20. Nb5 Rd8
21. f3 Nf6 22. Kf2 Rd2 23. Nc3 Kf8 24. Ke3 Rd8 25. Na4 Rc8 26. Kf2 Ke7 27. e4
g5 28. Ke3 Nd7 29. Rc2 h5 30. f4 Rg8 31. Bf3 h4 32. gxh4 gxf4+ 33. Kxf4 Bc6 34.
Nb2 Rh8 35. h5 Nf6 36. Nd3 Nxh5+ 37. Ke3 f5 38. Nxc5 f4+ 39. Kd4 a5 40. Rg2 Kf7
41. a3 Be8 42. b4 Nf6 43. e5 Rh3 44. Rf2 Nd7 45. Nxd7 Bxd7 46. bxa5 Bc8 47. Kc5
1-0

[Event "NB2 Erkel csoport"]
[Site "Fot"]
[Date "2024.11.17"]
[Round "2.2"]
[White "Bravin, Alexey"]
[Black "Pirisi, Gabor"]
[Result "1/2-1/2"]
[WhiteElo "2072"]
[BlackElo "2189"]
[PlyCount "22"]
[EventDate "2024.11.03"]
[EventType "team-tourn"]
[EventRounds "11"]
[EventCountry "HUN"]
[Source "chess.hu"]
[SourceDate "2024.11.17"]
[WhiteTeam "Fot SE-LearningChess"]
[BlackTeam "Dunaharaszti MTK II."]
[WhiteTeamCountry "HUN"]
[BlackTeamCountry "HUN"]

1. e4 c5 2. Nf3 d6 3. Bb5+ Bd7 4. Bxd7+ Qxd7 5. c4 Nc6 6. d4 cxd4 7. Nxd4 Nf6
8. Nc3 g6 9. f3 Bg7 10. Be3 O-O 11. Rc1 Rac8 1/2-1/2

[Event "NB2 Erkel csoport"]
[Site "Fot"]
[Date "2024.11.17"]
[Round "2.3"]
[White "Vegh, Endre"]
[Black "Gubics, Peter"]
[Result "1-0"]
[WhiteElo "2153"]
[BlackElo "2033"]
[PlyCount "49"]
[EventDate "2024.11.03"]
[EventType "team-tourn"]
[EventRounds "11"]
[EventCountry "HUN"]
[Source "chess.hu"]
[SourceDate "2024.11.17"]
[WhiteTeam "Dunaharaszti MTK II."]
[BlackTeam "Fot SE-LearningChess"]
[WhiteTeamCountry "HUN"]
[BlackTeamCountry "HUN"]

1. d4 Nf6 2. c4 g6 3. h4 c5 4. d5 Bg7 5. Nc3 d6 6. e4 O-O 7. Be2 e6 8. h5 exd5
9. exd5 a6 10. hxg6 hxg6 11. Bg5 Re8 12. Qd2 Qe7 13. O-O-O Nbd7 14. Qf4 Rb8 15.
Qh4 b6 16. Nf3 Ne5 17. Nd2 Bf5 18. f4 Ned7 19. g4 b5 20. gxf5 b4 21. Nce4 b3
22. axb3 Qd8 23. Nxf6+ Nxf6 24. Bd3 Re3 25. Bc2 1-0

[Event "NB2 Erkel csoport"]
[Site "Fot"]
[Date "2024.11.17"]
[Round "2.4"]
[White "Bokros, Istvan"]
[Black "Szekeres, Tibor"]
[Result "1/2-1/2"]
[WhiteElo "1967"]
[BlackElo "2045"]
[PlyCount "20"]
[EventDate "2024.11.03"]
[EventType "team-tourn"]
[EventRounds "11"]
[EventCountry "HUN"]
[Source "chess.hu"]
[SourceDate "2024.11.17"]
[WhiteTeam "Fot SE-LearningChess"]
[BlackTeam "Dunaharaszti MTK II."]
[WhiteTeamCountry "HUN"]
[BlackTeamCountry "HUN"]

1. Nf3 Nf6 2. g3 d5 3. Bg2 c6 4. O-O e6 5. d4 Be7 6. Nbd2 O-O 7. c4 Nbd7 8. b3
b6 9. Bb2 Bb7 10. Rc1 Rc8 1/2-1/2

[Event "NB2 Erkel csoport"]
[Site "Fot"]
[Date "2024.11.17"]
[Round "2.6"]
[White "Mester, Attila"]
[Black "Kovacs, Istvan"]
[Result "0-1"]
[WhiteElo "1989"]
[BlackElo "2029"]
[PlyCount "174"]
[EventDate "2024.11.03"]
[EventType "team-tourn"]
[EventRounds "11"]
[EventCountry "HUN"]
[Source "chess.hu"]
[SourceDate "2024.11.17"]
[WhiteTeam "Fot SE-LearningChess"]
[BlackTeam "Dunaharaszti MTK II."]
[WhiteTeamCountry "HUN"]
[BlackTeamCountry "HUN"]

1. e4 c5 2. Nf3 e6 3. d4 cxd4 4. Nxd4 Nf6 5. Nc3 d6 6. Be3 Be7 7. f3 a6 8. Qd2
b5 9. O-O-O Bb7 10. g4 Nfd7 11. g5 Nb6 12. h4 N8d7 13. h5 b4 14. Nb1 d5 15. Qg2
Nc5 16. g6 hxg6 17. hxg6 Rxh1 18. gxf7+ Kxf7 19. Qxh1 Qh8 20. Qg1 Nbd7 21. exd5
Bxd5 22. Nf5 Rc8 23. Nxe7 Kxe7 24. Qg5+ Kf7 25. Qf4+ Kg8 26. Qxb4 Qh7 27. Nc3
Bxf3 28. Re1 Qf5 29. Qf4 a5 30. Qxf5 exf5 31. Bd4 Ne4 32. Nd5 Kf7 33. Bb5 Ndc5
34. Nb6 Rh8 35. Bc4+ Kg6 36. Rg1+ Bg4 37. Nd5 Rh2 38. Ne7+ Kh7 39. Bf7 Kh6 40.
Ng8+ Kg5 41. Bxg7 Rh7 42. Bh6+ Rxh6 43. Nxh6 Kxh6 44. a3 Kg5 45. b4 axb4 46.
axb4 Na4 47. Be6 Nac3 48. Bxf5 Kxf5 49. Rxg4 Kxg4 50. Kb2 Kf5 51. Kb3 Ke6 52.
Kc4 Kd6 53. Kd4 Kc6 54. Kc4 Kb6 55. b5 Ka5 56. b6 Kxb6 57. Kb4 Nd5+ 58. Kc4
Nec3 59. Kd4 Kb5 60. Ke5 Kc5 61. Ke6 Kd4 62. Kf5 Nc7 63. Kf4 Ne6+ 64. Kf5 Kd5
65. Kf6 Nd4 66. Kg5 Ke5 67. Kg4 Nde2 68. Kf3 Kd4 69. Kg4 Ke4 70. Kg5 Ke5 71.
Kg4 Nd4 72. Kg5 Nf3+ 73. Kg4 Ke4 74. Kg3 Ne5 75. Kh4 Kf5 76. Kg3 Kg5 77. Kg2
Kg4 78. Kf2 Kf4 79. Kg2 Ng6 80. Kh3 Kf3 81. Kh2 Nf4 82. Kg1 Kg3 83. Kf1 Ng2 84.
Kg1 Ne3 85. Kh1 Ne2 86. c4 Ng4 87. c5 Nf2# 0-1